000
00278nam a22001097a 4500
100
_a
Rathore Archana
_9
75911
245
_a
Chinese goods
_b
India towards Economic slavery
260
_a
Delhi
_b
Kanhya publisher
_c
2017
300
_a
256
650
_a
330/Economics
_9
81682
942
_c
BK
999
_c
65842
_d
65842